Przyporządkuj polski klub piłkarski do roku powstania - Statystyki

Ogólne statystyki
  • Ten quiz został rozwiązany 1 255 razy
  • Średni wynik to 5 z 30
Statystyki odpowiedzi
Hint Odpowiedź % Poprawnych
Cracovia 1906
50%
Wisła Kraków 1906
36%
Legia Warszawa 1916
35%
Lech Poznań 1922
30%
ŁKS Łódź 1908
26%
Polonia Warszawa 1911
26%
Lechia Gdańsk 1945
21%
Ruch Chorzów 1920
19%
GKS Katowice 1964
19%
Podbeskidzie Bielsko-Biała (jako Podbeskidzie) 1997
18%
Warta Poznań 1912
16%
Pogoń Szczecin 1948
16%
Korona Kielce 1973
16%
Piast Gliwice 1945
15%
Górnik Zabrze 1948
15%
Jagiellonia Białystok 1920
14%
Arka Gdynia 1929
14%
Zagłębie Lubin 1946
14%
Śląsk Wrocław (oficjalnie) 1947
14%
Motor Lublin 1950
14%
Raków Częstochowa 1921
13%
Wisła Płock 1947
13%
Stal Mielec (jako sekcja PZL) 1939
12%
Stal Rzeszów 1944
11%
Miedź Legnica 1971
11%
Puszcza Niepołomice 1923
10%
Radomiak Radom 1945
10%
Górnik Łęczna 1979
10%
Widzew Łódź (jako RTS) 1922
9%
Bruk-Bet Termalica Nieciecza 1922
9%
Nie znaleziono quizów pasujących do podanych kryteriów
Rozkład punktacji
Procent ludzi z każdym wynikiem
Percentyl według liczby udzielonych odpowiedzi
Twoja historia wyników
Nie rozwiązałeś tego quizu